Online Catalogue and eLibrary

Encyclopedia of Sri Lanka (Record no. 3231)

MARC details
000 -LEADER
fixed length control field 00510nam a2200169Ia 4500
005 - DATE AND TIME OF LATEST TRANSACTION
control field 20250307013755.0
008 - FIXED-LENGTH DATA ELEMENTS--GENERAL INFORMATION
fixed length control field 240331s9999 xx 000 0 und d
020 ## - INTERNATIONAL STANDARD BOOK NUMBER
ISBN 1932705481
082 ## - DDC Classification
Item Number - Author Mark GUN
Class No. 954
100 ## - MAIN ENTRY--PERSONAL NAME
Personal name Gunawardena, C.A
245 #0 - TITLE STATEMENT
Title Encyclopedia of Sri Lanka
250 ## - EDITION STATEMENT
Edition statement 2nd
260 ## - PUBLICATION, DISTRIBUTION, ETC.
Place of publication, distribution, etc. Nugegoda
Name of publisher, distributor, etc. Sarasavi Bookshop (Pvt) Ltd
Date of publication, distribution, etc. 2005
300 ## - PHYSICAL DESCRIPTION
Extent (e.g. Volumes, Pages etc.) Xii, 399 p .,
500 ## - GENERAL NOTE
General note It is an A to Z guide, a comprehensive general encyclopaedia covering almost every aspect of Sri Lanka,
942 ## - Koha item type (Biblio)
Koha item type Books in Stacks (Lending)
Holdings
Lost status Damaged status Collection code Home library Current library Shelving location Date acquired Full call number Accession Number Item type
    Lending WERC Library WERC Library Social Science Cupboard 03/31/2024 954.93 GUN 1343 Books in Stacks (Lending)

© WERC Library